000 00664nam a2200289Ia 4500
005 20260324124220.0
008 008 260324s9999 xx 000 0 eng d
020 _a9780367818623
037 _aEBOOK
040 _aCRL
040 _beng
040 _cCRL
041 _2eng
041 _aeng
084 _qCRL
100 _aKris Manjapra
_91173293
245 0 _aM. N. Roy
245 0 _bMarxism and Colonial Cosmopolitanism
260 _bTaylor and Francis
260 _c2010
365 _a
365 _b230
856 _uhttp://www.taylorfrancis.com/books/9780367818623
942 _cEBOOK
999 _c1767493
_d1767493